LEADER 01027nam a2200241 i 4500 001 000000207147 003 CaOOAMICUS 005 20111024000000.0 008 111024s1962 it u000 u ita u 013 $a185922 040 $aSeMil$bita 100 1 $aDiaz, Furio,$d<1916-2011>.$0(OLS)http://semarc/name/18080 245 10$aFilosofia e politica nel Settecento francese /$cFurio Diaz. 260 $aTorino :$bGiulio Einaudi,$ccopyr. 1962. 300 $a681 p. ;$c22 cm. 490 0 $aBiblioteca di cultura storica ;$v74 500 $aContiene : Nota bibliografica ; Aggiornamento 1973. 650 4$aFrancia - Storia - Sec. 18.$0(OLS)http://semarc/subject/1089 830 0$aBiblioteca di cultura storica ;$v74.$0(OLS)http://semarc/title/365 850 $aSeMil 852 $aSeMil$W1$xVenegono$y1$m3U III 254$j157610$B157610$CSeMilBibl$Z2$F168834 $81 996 $6245$aFilosofia e politica nel Settecento francese$9(OLS)http://semarc/title/299589 996 $6260$aTorino :$bGiulio Einaudi$9(OLS)http://semarc/publisher/29810 LEADER 01151nam a2200265 i 4500 001 000000228069 003 CaOOAMICUS 005 20140317000000.0 008 140317s1999 it u000 u ita u 013 $a206971 020 $a88-10-21103-0 040 $aSeMil$bita 100 1 $aMandirola, Renzo,$c.$0(OLS)http://semarc/name/66650 245 10$aGiona :$bun Dio senza confini /$cRenzo Mandirola. 260 $aBologna :$bEDB,$c1999. 300 $a205 p. ;$c21 cm. 490 0 $aLettura pastorale della bibbia. Sez. Bibbia e spiritualitą ;$v6 650 4$aBibbia. Antico Testamento. Giona - Commentari, studi, critica, interpretazioni.$0(OLS)http://semarc/subject/3616 830 0$aLettura pastorale della bibbia. Bibbia e spiritualitą ;$v6.$0(OLS)http://semarc/title/12149 850 $aSeMil 852 $aSeMil$W1$xVenegono$y1$m2V VII 54$j252210$B178415$CSeMilBibl$Z2$F189247 $81 961 $aOmaggio: Altro 996 $6020$a88-10-21103-0$9(OLS)http://semarc/number/229967 996 $6245$aGiona :$bun Dio senza confini$9(OLS)http://semarc/title/326453 996 $6260$aBologna :$bEDB$9(OLS)http://semarc/publisher/29669